| 000 | 01232nam2a22002531 4500 | ||
|---|---|---|---|
| 001 | RU\NLR\INFOCOMM17\1000391530 | ||
| 005 | 20250617143821.0 | ||
| 035 | _a(NLR Aleph) 002714047 | ||
| 090 |
_a1812523 _c1812523 |
||
| 100 | _a20040218d1923 |||y0rusy50 ca | ||
| 101 | 0 | _arus | |
| 102 | _aRU | ||
| 105 | _ay ||||||||| | ||
| 200 | 1 |
_aО водном режиме участков Гош и Стан в Амурской губернии _fЭ.К. Бейзас |
|
| 210 |
_d1923 _aБ. м. |
||
| 461 | 0 |
_1001RU\NLR\INFOCOMM17\1000391524 _12001#$aИзвестия Дальневосточного геофизического института$fСССР. Гидрометеорол. ком. РСФСР$vВып.6 1918 _91812493 _aДальневосточный геофизический институт (Владивосток) _cВладивосток _d1913-1932 _fСССР. Гидрометеорол. ком. РСФСР _tИзвестия Дальневосточного геофизического института _vВып.6 1918 |
|
| 700 | 1 |
_aБейзас _bЭ.К. _4070 |
|
| 801 | 1 |
_aRU _bInfoComm _c20040218 |
|
| 801 | 0 |
_aRU _bNLR _gPSBO |
|
| 852 |
_aNLR _jП7/569 |
||
| 942 | _cISSUE | ||
| 980 | _aNB | ||
| 980 | _aRUSPER | ||